Produkčné schopnosti slovenského ovocinárstva v podmienkach trhovej ekonomiky

Autori skúmajú produkčnú schopnosť slovenského ovocinárstva v podmienkach trhovej ekonomiky so zameraním na možnosti zvyšovania produkcie z jednotky plochy pri rešpektovaní ekonomickej efektívnosti výroby jednotlivých druhov ovocia. Sledujú hodnotenie súčasného stavu ovocinárskej výroby, jej produkč...

Ausführliche Beschreibung

Gespeichert in:
Bibliographische Detailangaben
1. Verfasser: Porhajaš, Viktor
Weitere Verfasser: Bielik, Peter, Adamičková, Izabela
Format: Buchkapitel
Sprache:Slowakisch
Schlagworte:
Tags: Tag hinzufügen
Keine Tags, Fügen Sie das erste Tag hinzu!

MARC

LEADER 00000naa$a2200000$$$4500
001 0111346
005 20220512100017.9
041 0 |a slo 
044 |a SK 
245 1 0 |a Produkčné schopnosti slovenského ovocinárstva v podmienkach trhovej ekonomiky  |c Viktor Porhajaš, Peter Bielik, Izabela Adamičková 
520 |a Autori skúmajú produkčnú schopnosť slovenského ovocinárstva v podmienkach trhovej ekonomiky so zameraním na možnosti zvyšovania produkcie z jednotky plochy pri rešpektovaní ekonomickej efektívnosti výroby jednotlivých druhov ovocia. Sledujú hodnotenie súčasného stavu ovocinárskej výroby, jej produkčnú schopnosť, výmeru, spotrebu, realizačné ceny výrobcov a odbytové ceny. Pri analýze vychádzajú z kalkulácie vlastných nákladov vo vybranom poľnohospodárskom podniku, ktorý je lídrom v ovocinárskej výrobe. 
610 2 0 |a podnik poľnohospodársky 
610 2 0 |a ovocinárstvo 
610 2 0 |a produkcia 
610 2 0 |a spotreba 
610 2 0 |a ceny odbytové 
610 2 0 |a ceny výrobcov 
100 1 |a Porhajaš, Viktor 
700 1 |a Bielik, Peter 
700 1 |a Adamičková, Izabela